| 000 | 03380nam a2200313 i 4500 | ||
|---|---|---|---|
| 001 | 000047536 | ||
| 003 | DO-SdBNP | ||
| 005 | 20250821141625.0 | ||
| 007 | ta | ||
| 008 | 180621s2001 dr a 000 spa d | ||
| 020 | _a9993430285 | ||
| 040 |
_aDO-SdBNP _bspa _cBNPHU _erda |
||
| 041 | _aspa | ||
| 082 | 4 |
_a780.15 _bV718e _222 |
|
| 100 |
_aVillanueva, Rafael, _eautor _4aut. _946550 |
||
| 245 | 1 | 0 |
_aEnsayos sobre música / _cRafael Villanueva ; edición, Ana Rosa Sosa Vda. Villanueva ; prólogo, Julio de Windt |
| 264 | 1 |
_aSanto Domingo : _bBanco Central de la República Dominicana, _c2001. |
|
| 300 |
_a392 páginas : _bilustraciones ; _c24 cm. |
||
| 336 |
_atexto _btxt _2rdacontent |
||
| 337 |
_asin mediación _bn _2rdamedia |
||
| 338 |
_avolumen _bnc _2rdacarrier |
||
| 505 | _aRafael Villanueva (1947-1995) 11 -- Presentación - Teo Veras 13 -- Prólogo - Julio De Windt 15 -- La interpretación musical 21 -- Sobre la música sacra 26 -- La misa como forma musical 32 -- El oratorio 39 -- La pasión en la música sacra 45 -- Las pasiones de J. S. Bach 50 -- Giovanni Pierluigi da Palestrina 56 -- Claudio Monteverdi 62 -- Francois Couperin El Grande 68 -- Las Sonatas y partitas para violín de J. S. Bach 74 -- Las suites inglesas y francesas de J. S. Bach 78 -- G. F. Handel y El Mesías 82 -- Dos visiones del barroco 90 -- Haydn, París... y Bernstein 96 -- Wolfgang Amadeus Mozart 103 -- Mozart y la Sinfónica 108 -- Mozart visto por otros ojos 115 -- Mozart y el cuarteto para cuerdas 121 -- Los quintetos para cuerdas de W. A. Mozart 125 -- Los conciertos para piano y orquesta de Mozart 130 -- W. A. Mozart : una cronología 135 -- El concierto 141 -- Las sinfonías de Beethoven y la tradición 147 -- Las sinfonías de Beethoven y la musicología 152 -- Harnoncourt dirige las sinfonías de Beethoven 158 -- Beethoven y sus trios para piano y cuerdas 164 -- Los últimos cuartetos de Beethoven 169 -- Schubert, el desconocido 175 -- Félix Mendelssohn 182 -- Kempff interpreta a Schumann 187 -- Schumann y Brahms y sus cuartetos para cuerdas 194 -- La música para piano y Johannes Brahms 200 -- Héctor Berlioz 205 -- El virtuosismo 211 -- La multiplicidad de Franz Liszt 217 -- Saint-Saens y los problemas de la sinfonía romántica 229 -- Anton Bruckner 235 -- Los 150 años de la Filarmónica de Viena 239 -- La dinastía Strauss 248 -- Actualidad de Tchaikovsky 256 -- Los ballets de P. I. Tchaikovsky 263 -- España en su música para piano 269 -- Las obras orquestales de R. Strauss 273 -- Gustav Mahler, nuestro contemporáneo 278 -- Edvard Grieg 290 -- Rimsky-Korsakov y el arte de la orquestación 294 -- Sergei Rachmaninoff 300 -- Las sinfonías de Jean Sibelius 305 -- La música de cámara de Gabriel Fauré 310 -- Sergie Prokofiev 314 -- La música para piano de Maurice Ravel 319 -- Las sinfonías de Carl Nielsen 325 -- Paul Hindemith y su música de cámara 331 -- Leonard Bernstein 337 -- Claudio Arrau 343 -- El arte de dirigir la orquesta 348 -- Los Grandes directores: Wilhelm Furtwangler 365 -- Arturo Toscanini 372 -- Bruno Walter 379 -- Otto Klemperer 386 | ||
| 590 | _aInventariado,2018/DG | ||
| 650 | 4 |
_aMúsica orquestal _xHistoria y crítica - Hasta S. XX _986768 |
|
| 700 | 1 |
_aSosa Vda. Villanueva, Ana Rosa, _eeditor _4ed. _988521 |
|
| 700 | 1 |
_aDe Windt, Julio, _eprologuista _4pr. _988522 |
|
| 910 | _aDG | ||
| 942 |
_2ddc _cLBS1 |
||
| 999 |
_c47024 _d47024 |
||